1160 1137 1779 1655 1415 1089 1700 1899 1812 1966 1539 1597 1556 1519 1567 1900 1994 1267 1574 1497 1144 1763 1697 1262 1056 1037 1907 1836 1723 1481 1680 1016 1418 1447 1205 1981 1531 1193 1404 1736 1683 1056 1408 1050 1248 1420 1914 1602 1720 1323 1993 1274 1047 1750 1924 1913 1258 1194 1862 1798 1778 1037 1655 1022 1687 1299 1650 1202 1041 1148 1438 1570 1030 1364 1010 1002 1380 1479 1679 1409 1848 1045 1282 1194 1200 1288 1403 1336 1623 1326 1862 1422 1367 1275 1403 1411 1392 1747 1705 BCNSPRNW ULIB Ver.6.0+V

เปลี่ยนเป็นภาษาไทย

Change to English
 แสดงรายละเอียดบรรณานุกรม
  กลับหน้าหลัก

Brief Record : Get Marc (ISO 2709) : E-mail record : QR code < ปิดหน้าต่าง
LEADER : 00000nam a2200000 a 4500
001    13399128084
003     ULIB
008    211102s2564 th a 000 0 tha d
020    ^a9786160452514
040    ^acl
041 1  ^atha^hjpn
060 04 ^aWM171.5^bฮ121m
100 0  ^aฮชชี่
245 10 ^aMapping เยียวยาซึมเศร้า กับเรื่องเล่าของมนุษย์เศร้าซึม /^cHossy, เขียน; ภัทรสร คูร์พิพัฒน์, จิตรลดา มีเสมา, แปล
250    ^aพิมพ์ครั้งที่ 1
260    ^aกรุงเทพฯ :^bนานมีบุ๊คส์,^c2564
300    ^a278 หน้า :^bภาพประกอบ ;^c19 ซม.
505 0  ^aบทนำ -- บทส่งท้าย -- คำตาม โดย จิตแพทย์วะดะ ฮิเดะกิ -- บรรณานุกรม-- ลองสร้าง "แผนภาพวิธีรักษาโรคซึมเศร้า" ของคุณเอง!
650  4 ^aความซึมเศร้า
650  4 ^aโรคซึมเศร้า
700 0  ^aภัทรสร คูร์พิพัฒน์, ^eผู้แปล
700 0  ^aจิตรลดา มีเสมา,^eผู้แปล
945    ^p265^l0^i29275
945    ^p265^l0^i29276
945    ^p265^l0^i29277
945    ^p265^l0^i29278
945    ^p265^l0^i29279
995    ^aกัณชพร จุลอักษร
999    ^aกัณชพร จุลอักษร
รายการนี้ยังไม่มีแท็ก
คุณยังไม่ได้ล็อกอิน คุณสามารถมีกิจกรรมร่วมกับเว็บไซต์ได้ แต่ต้องล็อกอินก่อน ::
  ล็อกอิน

รายการสื่อสารสนเทศ

ลำดับที่ ประเภท เลขเรียก/บาร์โค้ด สถานที่ สถานะ
1. หนังสือสำรอง
หนังสือสำรอง
WM171.5 ฮ121m ฉ.1 
  Barcode: 29275
ห้องสมุดวิทยาเขตนครสวรรค์
►หนังสือทั่วไป:l:General Books
บนชั้น
2. วิทยาศาสตร์การแพทย์ และสุขภาพ
วิทยาศาสตร์การแพทย์ และสุขภาพ
WM171.5 ฮ121m ฉ.2 
  Barcode: 29276
ห้องสมุดวิทยาเขตนครสวรรค์
►หนังสือทั่วไป:l:General Books
บนชั้น
3. วิทยาศาสตร์การแพทย์ และสุขภาพ
วิทยาศาสตร์การแพทย์ และสุขภาพ
WM171.5 ฮ121m ฉ.3 
  Barcode: 29277
ห้องสมุดวิทยาเขตนครสวรรค์
►หนังสือทั่วไป:l:General Books
บนชั้น
4. วิทยาศาสตร์การแพทย์ และสุขภาพ
วิทยาศาสตร์การแพทย์ และสุขภาพ
WM171.5 ฮ121m ฉ.4 
  Barcode: 29278
ห้องสมุดวิทยาเขตนครสวรรค์
►หนังสือทั่วไป:l:General Books
บนชั้น
5. วิทยาศาสตร์การแพทย์ และสุขภาพ
วิทยาศาสตร์การแพทย์ และสุขภาพ
WM171.5 ฮ121m ฉ.5 
  Barcode: 29279
ห้องสมุดวิทยาเขตนครสวรรค์
►หนังสือทั่วไป:l:General Books
บนชั้น

รายการใกล้เคียง
    ผู้แต่ง [ฮชชี่]

    หัวเรื่อง [ความซึมเศร้า]
    หัวเรื่อง [โรคซึมเศร้า]

BibComment


ยังไม่เคยถูกคอมเมนท์

คอมเมนท์ทรัพยากรรายการนี้
  คอมเมนท์: Mapping เยียวยาซ..


 Copyright 2026. Bcnsprnw @Library